Geografia per Lettere - G - Statistics

Statistiche generali
  • Questo quiz è stato fatto 162 volte
    157 dall'ultimo reset
  • Il punteggio medio è 10 su 20
Statistiche sulle risposte
Categoria Risposta % Corretto
Stato Africano Gabon - Gambia - Ghana - Gibuti - Guinea - Guinea Bissau - Guinea Equatoriale
100%
Stato Europeo Germania - Grecia
90%
Provincia Italiana Genova - Gorizia - Grosseto
87%
Stato Nord Americano Giamaica - Grenada - Guatemala
87%
Isola (5000km2) Giava - Gran Bretagna - Groenlandia - Giamaica - Grande Terre - Guadalcanal
82%
Stato Sud Americano Guyana
81%
Stato USA Georgia
76%
Deserto Gobi - Gibson - Gran Bacino - Gran Deserto Sabbioso - Gran Deserto Victoria
75%
Territorio Palestinese Gaza
73%
Comunità Autonoma Spagnola Galizia
47%
Capitale Africana Gaborone - Gibuti - Gitega - Giuba
45%
Fiume (1500km+) Gange - Giuba - Guaporé
42%
Capitale Sud Americana Georgetown
40%
Arcipelago Galápagos - Glorieuses - Goto - Gilbert - Glénan
34%
Città Cinese (1mil+) Guiyang - Guangzhou
22%
Parco Nazionale USA Gates of the Arctic - Glacier Bay - Grand Canyon - Grand Teton - Grandi Dune di Sabbia - Great Basin - Great Smoky Mountains
8%
Contea Inglese Grande Manchester - Gloucestershire - Grande Londra
8%
Stato Messicano Guanajuato - Guerrero
8%
Montagna (7200m+) Gasherbrum I - Gasherbrum II - Gasherbrum III - Gasherbrum IV - Gyachung Kang - Gurla Mandhata - Gangkhar Puensum - Gongga Shan
2%
Lago (4200km2+) Gran Lago degli Orsi - Gran Lago degli Schiavi - Gran Lago Salato
1%
Nessun quiz corrispondente trovato
Distribuzione punteggi
Percentuale di utenti per punteggio
Percentile per numero di risposta
I tuoi punteggi nel tempo
Non hai fatto questo quiz dall'ultimo reset